Occupational information : (Record no. 7725)
[ view plain ]
| 000 -LEADER | |
|---|---|
| fixed length control field | 01074pam a2200337 i 4500 |
| 001 - CONTROL NUMBER | |
| JCCL Control Number | 7725 |
| 003 - CONTROL NUMBER IDENTIFIER | |
| JCCL marc code | BD - JhCC |
| 005 - DATE AND TIME OF LATEST TRANSACTION | |
| control field | 20181007085002.0 |
| 008 - FIXED-LENGTH DATA ELEMENTS--GENERAL INFORMATION | |
| fixed length control field | 750401s1976 nyu b 001 0 eng |
| 020 ## - INTERNATIONAL STANDARD BOOK NUMBER | |
| International Standard Book Number | 0070303304 : |
| Terms of availability | 12.95 |
| 035 ## - SYSTEM CONTROL NUMBER | |
| system control number | (BD - JhCC)7725 |
| 035 ## - SYSTEM CONTROL NUMBER | |
| system control number | (OCoLC)01322932 |
| 035 ## - SYSTEM CONTROL NUMBER | |
| system control number | GLIS00029036 |
| 040 ## - CATALOGING SOURCE | |
| Original cataloging agency | DLC |
| Transcribing agency | DLC |
| Modifying agency | MYG |
| -- | BD - JhCC |
| 041 ## - LANGUAGE CODE | |
| Language code of Book | eng |
| 082 ## - DEWEY DECIMAL CLASSIFICATION NUMBER | |
| Author mark and Year | HOP 1976 |
| Classification number | 371.425 |
| 090 ## - LOCALLY ASSIGNED LC-TYPE CALL NUMBER (OCLC); LOCAL CALL NUMBER (OCLC) | |
| Classification number (OCLC) (R) ; Classification number, CALL (RLIN) (NR) | HF5381 |
| Local cutter number (OCLC) ; Book number/undivided call number, CALL (RLIN) | .H798 1976 |
| 099 ## - LOCAL FREE-TEXT CALL NUMBER | |
| Classification number | HF5381.H798 1976 |
| 100 1# - MAIN ENTRY--PERSONAL NAME | |
| Personal name | Hoppock, Robert, |
| Dates associated with a name | 1901-1995. |
| 245 10 - TITLE STATEMENT | |
| Title | Occupational information : |
| Remainder of title | where to get it and how to use it in career education, career counseling, and career development / |
| Statement of responsibility, etc | Robert Hoppock. |
| 250 ## - EDITION STATEMENT | |
| Edition statement | 4th ed. |
| 260 ## - PUBLICATION, DISTRIBUTION, ETC. (IMPRINT) | |
| Place of publication, distribution, etc | New York : |
| Name of publisher, distributor, etc | McGraw-Hill, |
| Date of publication, distribution, etc | [1976] |
| 300 ## - PHYSICAL DESCRIPTION | |
| Pagination | xi, 383 p. ; |
| Dimensions | 24 cm. |
| 500 ## - GENERAL NOTE | |
| General note | Includes indexes. |
| 504 ## - BIBLIOGRAPHY, ETC. NOTE | |
| Bibliography, etc | Bibliography: p. 351-369. |
| 650 #0 - SUBJECT ADDED ENTRY--TOPICAL TERM | |
| Topical term or geographic name as entry element | Vocational guidance. |
| 650 #0 - SUBJECT ADDED ENTRY--TOPICAL TERM | |
| Topical term or geographic name as entry element | Group guidance in education. |
| 650 #0 - SUBJECT ADDED ENTRY--TOPICAL TERM | |
| Topical term or geographic name as entry element | Vocational guidance |
| General subdivision | Data processing. |
| 942 ## - ADDED ENTRY ELEMENTS (KOHA) | |
| Source of classification or shelving scheme | Dewey Decimal Classification |
| Koha item type | Books |
| Source of classification or shelving scheme | Damaged status | Not for loan | Home library | Current library | Shelving location | Total Checkouts | Full call number | Barcode | Date last seen | Copy number | Koha item type |
|---|---|---|---|---|---|---|---|---|---|---|---|
| Dewey Decimal Classification | JCC Rouf Library | JCC Rouf Library | General Stacks | 371.425 HOP 1976 | 1072 | 02/13/2018 | C -1 | Books |